| 000 | 00614nam a22002177a 4500 | ||
|---|---|---|---|
| 003 | AR-RoUNCS | ||
| 005 | 20251211120606.0 | ||
| 008 | 251211t2005 sp ao|||r|||| 00| 0 spa d | ||
| 020 | _a84-674-1996-2 | ||
| 040 |
_aAR-RoUNCS _cAR-RoUNCS |
||
| 080 | _07:069 | ||
| 245 | 0 | 0 |
_aMuseos del mundo : _bRijksmuseum. |
| 250 | _a1a ed. | ||
| 260 |
_aS.l. : _bPlaneta de Agostini, _c2005. |
||
| 300 |
_a307 p. : _bfot. col ; _c25 cm. |
||
| 490 | 0 |
_aMuseos del mundo ; _v7 |
|
| 650 | 7 |
_2embne _aRijksmuseum _xHistoria |
|
| 650 | 7 |
_2embne _aGalerÃas de arte |
|
| 655 | 7 |
_2embne _aCatálogos de exposiciones |
|
| 942 |
_2udc _cOG _n0 |
||
| 999 |
_c827 _d827 |
||